VAT cut to solve homes crisis (Record no. 117465)
[ view plain ]
| 000 -LEADER | |
|---|---|
| fixed length control field | 01395cam a2200265 4500 |
| 001 - CONTROL NUMBER | |
| control field | WB4021-08 |
| 008 - FIXED-LENGTH DATA ELEMENTS--GENERAL INFORMATION | |
| fixed length control field | 040603n2004 000 0 eng u |
| 035 ## - SYSTEM CONTROL NUMBER | |
| System control number | (Sirsi) u126401 |
| 245 ## - TITLE STATEMENT | |
| Title | VAT cut to solve homes crisis |
| 260 ## - PUBLICATION, DISTRIBUTION, ETC. | |
| Date of publication, distribution, etc. | 2004 |
| 490 ## - SERIES STATEMENT | |
| Series statement | Federation of Master Builders Press Release |
| Volume/sequential designation | 25 May 2004 (1) |
| 520 ## - SUMMARY, ETC. | |
| Summary, etc. | The Federation of Master Builders (FMB) believes a cut in VAT rates on refurbishment work will solve the UK's housing shortage. The "Barker review of housing supply: securing our future needs" has failed to consider VAT policy as a means of boosting housing supply, according to the FMB. Research by the FMB estimates that over 700 000 homes are currently empty, while up to seven million properties need renovating. The FMB points out that while new homes benefit from zero-rated VAT, property owners are not encouraged to carry out repairs and maintenance because it is charged at the full rate of 17.5%. FMB press release at http://www.fmb.org.uk/press/fmbnews/250504.asp. |
| 590 ## - LOCAL NOTE (RLIN) | |
| Local note | WB |
| 590 ## - LOCAL NOTE (RLIN) | |
| Local note | WB |
| 650 ## - SUBJECT ADDED ENTRY--TOPICAL TERM | |
| Topical term or geographic name entry element | VAT |
| 650 ## - SUBJECT ADDED ENTRY--TOPICAL TERM | |
| Topical term or geographic name entry element | HOUSING SHORTAGES |
| 650 ## - SUBJECT ADDED ENTRY--TOPICAL TERM | |
| Topical term or geographic name entry element | REPAIRS |
| 650 ## - SUBJECT ADDED ENTRY--TOPICAL TERM | |
| Topical term or geographic name entry element | BUILT ENVIRONMENT-BUILDING MAINTENANCE AND REFURBISHMENT |
| 650 ## - SUBJECT ADDED ENTRY--TOPICAL TERM | |
| Topical term or geographic name entry element | BUILT ENVIRONMENT-BUILDING MAINTENANCE AND REFURBISHMENT |
| 650 ## - SUBJECT ADDED ENTRY--TOPICAL TERM | |
| Topical term or geographic name entry element | EMPTY HOUSES |
| 650 ## - SUBJECT ADDED ENTRY--TOPICAL TERM | |
| Topical term or geographic name entry element | HOUSE BUILDING |
| 650 ## - SUBJECT ADDED ENTRY--TOPICAL TERM | |
| Topical term or geographic name entry element | BARKER REVIEW |
| 690 ## - LOCAL SUBJECT ADDED ENTRY--TOPICAL TERM (OCLC, RLIN) | |
| Topical term or geographic name as entry element | HOUSING |
| 942 ## - ADDED ENTRY ELEMENTS (KOHA) | |
| Suppress in OPAC | 0 |
| Withdrawn status | Lost status | Source of classification or shelving scheme | Damaged status | Not for loan | Home library | Current library | Shelving location | Date acquired | Total Checkouts | Full call number | Barcode | Date last seen | Copy number | Price effective from | Koha item type |
|---|---|---|---|---|---|---|---|---|---|---|---|---|---|---|---|
| Dewey Decimal Classification | London | London | News article | 03/06/2004 | WB4021-08 | 126401-1001 | 06/08/2019 | 1 | 06/08/2019 | News article |